[Event "Guernsey Open 14th"]
[Site "Guernsey"]
[Date "1988.10.16"]
[Round "1"]
[White "Bartels, Hans A"]
[Black "Ruston, Mark R"]
[Result "0-1"]
[WhiteElo "2345"]
[BlackElo "1960"]
[PlyCount "88"]
[EventDate "1988.10.16"]
[EventType "swiss"]
[EventRounds "7"]
[EventCountry "GCI"]
[SourceTitle "BritBase"]
[Source "John Saunders"]
[SourceDate "2025.07.03"]
[SourceVersion "1"]
[SourceVersionDate "2025.07.03"]
[SourceQuality "1"]

1. d4 d5 2. c4 c6 3. Nc3 Nf6 4. e3 e6 5. Nf3 Bd6 6. Bd3 O-O 7. O-O Nbd7 8. e4 dxc4 9. Bxc4 e5 10. Bg5 exd4 11. Qxd4 Bc5 12. Qd2 Qe7 13. Rad1 h6 14. Bh4 b5 15. Bb3 Ne5 16. Nxe5 Qxe5 17. Bg3 Qh5 18. e5 Nh7 19. Ne4 Bb6 20. Nd6 Bg4 21. Rc1 Ng5 22. Bd1 Ne6 23. Rxc6 Bxd1 24. Qxd1 Qxd1 25. Rxd1 Nd4 26. Rxb6 Ne2+ 27. Kf1 Nxg3+ 28. hxg3 axb6 29. a3 b4 30. axb4 Ra2 31. Rd2 Rfa8 32. Rc2 R8a4 33. b5 Rb4 34. Rc8+ Kh7 35. Nc4 Rxb5 36. f4 Rb4 37. Kg1 b5 38. Ne3 Rbxb2 39. f5 Re2 40. e6 fxe6 41. f6 gxf6 42. Rc7+ Kg6 43. Rc3 b4 44. Rb3 Ra3 0-1

[Event "Guernsey Open 14th"]
[Site "Guernsey"]
[Date "1988.10.16"]
[Round "1"]
[White "Bergman, PJ"]
[Black "Ballon, Guenther Jan"]
[Result "0-1"]
[WhiteElo "1950"]
[BlackElo "2330"]
[PlyCount "106"]
[EventDate "1988.10.16"]
[EventType "swiss"]
[EventRounds "7"]
[EventCountry "GCI"]
[SourceTitle "BritBase"]
[Source "John Saunders"]
[SourceDate "2025.07.03"]
[SourceVersion "1"]
[SourceVersionDate "2025.07.03"]
[SourceQuality "1"]

1. d4 d5 2. g3 c6 3. Nf3 Bg4 4. Bg2 Nd7 5. Nbd2 e6 6. e4 dxe4 7. Nxe4 Ngf6 8. Nxf6+ Nxf6 9. O-O Be7 10. Re1 O-O 11. c3 Qb6 12. Qb3 Rfd8 13. Ne5 Bf5 14. Nc4 Qxb3 15. axb3 Nd5 16. Ne3 Bg6 17. Nxd5 cxd5 18. f4 a5 19. g4 Bc2 20. f5 Bh4 21. Re2 Bd1 22. Re5 Bxg4 23. fxe6 Bxe6 24. Bf4 h6 25. Re3 Rd7 26. b4 b6 27. c4 Rc8 28. bxa5 bxa5 29. c5 Rb7 30. Re5 Rxb2 31. Bxd5 Bf2+ 32. Kh1 Bh3 33. Be3 Rd8 34. Bxf2 Rxf2 35. Rae1 a4 36. Kg1 Rf4 37. Bg2 Rg4 38. R5e2 Rdxd4 39. Rc1 Bxg2 40. Rxg2 Rc4 41. Rxg4 Rxc1+ 42. Kg2 a3 43. Ra4 Rc2+ 44. Kg3 a2 45. c6 g5 46. c7 Kg7 47. Ra7 Kg6 48. Rxa2 Rxc7 49. Ra6+ f6 50. h3 Rc2 51. Rb6 h5 52. Rb8 h4+ 53. Kf3 Rh2 0-1

[Event "Guernsey Open 14th"]
[Site "Guernsey"]
[Date "1988.10.16"]
[Round "1"]
[White "Burton, Ronnie"]
[Black "Hebden, Mark L"]
[Result "0-1"]
[WhiteElo "2008"]
[BlackElo "2475"]
[PlyCount "60"]
[EventDate "1988.10.16"]
[EventType "swiss"]
[EventRounds "7"]
[EventCountry "GCI"]
[SourceTitle "BritBase"]
[Source "John Saunders"]
[SourceDate "2025.07.03"]
[SourceVersion "1"]
[SourceVersionDate "2025.07.03"]
[SourceQuality "1"]

1. d4 Nf6 2. c4 g6 3. Nc3 Bg7 4. e4 d6 5. f3 O-O 6. Bg5 Nc6 7. Qd2 a6 8. Nge2 Bd7 9. Ng3 e5 10. d5 Nd4 11. Bd3 c5 12. O-O b5 13. b3 Qa5 14. Rac1 Rab8 15. Nb1 Qxd2 16. Nxd2 h6 17. Be3 h5 18. h4 Nh7 19. Ne2 f5 20. Nxd4 cxd4 21. Bf2 Bh6 22. Rc2 Bxd2 23. Rxd2 bxc4 24. Bxc4 fxe4 25. fxe4 Nf6 26. Re1 Bb5 27. Bxb5 axb5 28. Rc2 Rbc8 29. Rxc8 Rxc8 30. Re2 d3 0-1

[Event "Guernsey Open 14th"]
[Site "Guernsey"]
[Date "1988.10.16"]
[Round "1"]
[White "Cullip, Stephen J"]
[Black "Quinn, Ciaran"]
[Result "1-0"]
[WhiteElo "2088"]
[BlackElo "1901"]
[PlyCount "85"]
[EventDate "1988.10.16"]
[EventType "swiss"]
[EventRounds "7"]
[EventCountry "GCI"]
[SourceTitle "BritBase"]
[Source "John Saunders"]
[SourceDate "2025.07.03"]
[SourceVersion "1"]
[SourceVersionDate "2025.07.03"]
[SourceQuality "1"]

1. e4 e5 2. Nf3 Nc6 3. Bb5 a6 4. Ba4 Nf6 5. O-O Be7 6. Re1 b5 7. Bb3 d6 8. c3 Na5 9. Bc2 c5 10. d4 Qc7 11. h3 O-O 12. Nbd2 Bd7 13. Nf1 Rac8 14. Ne3 g6 15. b4 cxb4 16. cxb4 Nc6 17. a3 a5 18. d5 Nb8 19. Bd3 Nh5 20. Bd2 Nf4 21. Bf1 a4 22. Qb1 Qd8 23. Qa2 Kh8 24. Rac1 Na6 25. Qb2 f6 26. Rxc8 Qxc8 27. Rc1 Nc7 28. Nd1 g5 29. Qc3 Bd8 30. Ne3 Kg8 31. Kh2 f5 32. exf5 Bxf5 33. Nxg5 h6 34. Nf3 Qd7 35. Qc6 Qe7 36. Nxf5 Rxf5 37. Bxb5 Nxb5 38. Qxb5 e4 39. Nd4 Qg5 40. Qe8+ Rf8 41. Qxe4 Qf6 42. Bxf4 Qxf4+ 43. Qxf4 1-0

[Event "Guernsey Open 14th"]
[Site "Guernsey"]
[Date "1988.10.16"]
[Round "1"]
[White "Hanreck, Alan E"]
[Black "Verhoeff, Alfred"]
[Result "1-0"]
[WhiteElo "2256"]
[BlackElo "1950"]
[PlyCount "77"]
[EventDate "1988.10.16"]
[EventType "swiss"]
[EventRounds "7"]
[EventCountry "GCI"]
[SourceTitle "BritBase"]
[Source "John Saunders"]
[SourceDate "2025.07.03"]
[SourceVersion "1"]
[SourceVersionDate "2025.07.03"]
[SourceQuality "1"]

1. c4 Nf6 2. Nc3 g6 3. g3 Bg7 4. Bg2 O-O 5. e4 d6 6. Nge2 e5 7. O-O c6 8. d3 Na6 9. h3 Ne8 10. Be3 Be6 11. Qd2 Qd7 12. Kh2 f5 13. f4 Nac7 14. Rf2 Rd8 15. Bxa7 d5 16. cxd5 cxd5 17. Bc5 Rf7 18. exf5 Bxf5 19. fxe5 Bxe5 20. d4 Bg7 21. Raf1 Nf6 22. a4 Re8 23. Qd1 Ne6 24. Qb3 Ng5 25. Nxd5 Bxh3 26. Nxf6+ Bxf6 27. Ng1 Bxg2 28. Kxg2 Kg7 29. Rf4 Ne6 30. R4f2 Nxc5 31. dxc5 Qc6+ 32. Qf3 Qxc5 33. Nh3 Ref8 34. Nf4 Qd6 35. Qg4 Kh8 36. Ne6 Re8 37. Rxf6 Rxf6 38. Rxf6 Qc6+ 39. Kh2 1-0

[Event "Guernsey Open 14th"]
[Site "Guernsey"]
[Date "1988.10.16"]
[Round "1"]
[White "Jacobs, Byron A"]
[Black "Jansen, Andreas"]
[Result "1-0"]
[WhiteElo "2320"]
[BlackElo "1900"]
[PlyCount "89"]
[EventDate "1988.10.16"]
[EventType "swiss"]
[EventRounds "7"]
[EventCountry "GCI"]
[SourceTitle "BritBase"]
[Source "John Saunders"]
[SourceDate "2025.07.03"]
[SourceVersion "1"]
[SourceVersionDate "2025.07.03"]
[SourceQuality "1"]

1. e4 e6 2. d4 d5 3. Nc3 Bb4 4. e5 b6 5. Bd2 Qd7 6. Bb5 c6 7. Ba4 Ba6 8. Nf3 h5 9. Ne2 Be7 10. O-O Nh6 11. Re1 Bxe2 12. Qxe2 Nf5 13. c3 Qb7 14. Bc2 g6 15. Bxf5 gxf5 16. Bg5 Bxg5 17. Nxg5 Nd7 18. h4 Nf8 19. c4 Ng6 20. g3 f4 21. cxd5 cxd5 22. Rac1 Rc8 23. Rc2 Rxc2 24. Qxc2 Ke7 25. Rc1 Rd8 26. Qc3 Rd7 27. Nh7 Kd8 28. Nf6 Rc7 29. Qxc7+ Qxc7 30. Rxc7 Kxc7 31. Nxh5 fxg3 32. fxg3 Ne7 33. Nf4 Nf5 34. Ne2 Kd7 35. Kg2 Ke7 36. Kf3 f6 37. exf6+ Kxf6 38. Kf4 b5 39. h5 Nd6 40. g4 Nf7 41. Ng1 a5 42. Nf3 Nd6 43. g5+ Ke7 44. h6 Kf8 45. Ke5 1-0

[Event "Guernsey Open 14th"]
[Site "Guernsey"]
[Date "1988.10.16"]
[Round "1"]
[White "Jensen, Leif Haugaard"]
[Black "Overbeeke, A.."]
[Result "1-0"]
[WhiteElo "2102"]
[BlackElo "1925"]
[PlyCount "37"]
[EventDate "1988.10.16"]
[EventType "swiss"]
[EventRounds "7"]
[EventCountry "GCI"]
[SourceTitle "BritBase"]
[Source "John Saunders"]
[SourceDate "2025.07.03"]
[SourceVersion "1"]
[SourceVersionDate "2025.07.03"]
[SourceQuality "1"]

1. e4 e5 2. Nc3 Nf6 3. f4 d5 4. fxe5 Nxe4 5. Nf3 Be7 6. d4 O-O 7. Bd3 Nxc3 8. bxc3 f6 9. O-O Nc6 10. Bf4 fxe5 11. Nxe5 Nxe5 12. Bxe5 Rxf1+ 13. Qxf1 Be6 14. Re1 Bg4 15. Qf4 Qd7 16. h3 Bh5 17. Bxg7 Bd6 18. Be5 Bxe5 19. Rxe5 1-0

[Event "Guernsey Open 14th"]
[Site "Guernsey"]
[Date "1988.10.16"]
[Round "1"]
[White "Kuijf, Marinus"]
[Black "Gant, Chris J"]
[Result "1-0"]
[WhiteElo "2450"]
[BlackElo "2000"]
[PlyCount "79"]
[EventDate "1988.10.16"]
[EventType "swiss"]
[EventRounds "7"]
[EventCountry "GCI"]
[SourceTitle "BritBase"]
[Source "John Saunders"]
[SourceDate "2025.07.03"]
[SourceVersion "1"]
[SourceVersionDate "2025.07.03"]
[SourceQuality "1"]

1. e4 d5 2. exd5 Nf6 3. c4 c6 4. Nc3 cxd5 5. cxd5 g6 6. Bc4 Bg7 7. Nge2 O-O 8. O-O Nbd7 9. Nf4 Nb6 10. Bb3 Bf5 11. d3 Rc8 12. Re1 h6 13. Qf3 Qd7 14. h3 g5 15. Nfe2 Rcd8 16. d6 exd6 17. Ng3 Be6 18. Be3 d5 19. Bd4 Ne8 20. Bxg7 Kxg7 21. Nh5+ Kh7 22. d4 f5 23. Re5 Nf6 24. Nxf6+ Rxf6 25. Rae1 Kg7 26. Qe2 Bf7 27. Nxd5 Nxd5 28. Bxd5 Qd6 29. Bxf7 Rxf7 30. d5 Qc5 31. Qf3 Rdd7 32. Qh5 Rfe7 33. Qe2 Rf7 34. Re6 g4 35. Qe5+ Kh7 36. Qf4 Qf8 37. hxg4 Rxd5 38. g5 hxg5 39. Qxg5 Rd6 40. Qg6+ 1-0

[Event "Guernsey Open 14th"]
[Site "Guernsey"]
[Date "1988.10.16"]
[Round "1"]
[White "Le Blancq, Simon Charles"]
[Black "Raijmaekers, Rene CH"]
[Result "1-0"]
[WhiteElo "2280"]
[BlackElo "1950"]
[PlyCount "59"]
[EventDate "1988.10.16"]
[EventType "swiss"]
[EventRounds "7"]
[EventCountry "GCI"]
[SourceTitle "BritBase"]
[Source "John Saunders"]
[SourceDate "2025.07.03"]
[SourceVersion "1"]
[SourceVersionDate "2025.07.03"]
[SourceQuality "1"]

1. e4 c5 2. Nc3 e6 3. g3 Nc6 4. Bg2 d6 5. f4 Nge7 6. Nf3 g6 7. O-O Bg7 8. d3 O-O 9. Be3 Nd4 10. e5 Nef5 11. Bf2 d5 12. Nxd4 Nxd4 13. Na4 b6 14. b4 Bd7 15. bxc5 Bxa4 16. Bxd4 Rc8 17. cxb6 Rxc2 18. Qb1 axb6 19. Bxb6 Qd7 20. Rf2 Rfc8 21. Rxc2 Bxc2 22. Qb4 Bxd3 23. a4 Bf8 24. Qd4 Ba6 25. a5 Qb7 26. h4 h5 27. Qe3 Rc2 28. Rc1 Rxc1+ 29. Qxc1 Bc4 30. Qxc4 1-0

[Event "Guernsey Open 14th"]
[Site "Guernsey"]
[Date "1988.10.16"]
[Round "1"]
[White "Ray, Christopher A"]
[Black "Bellin, Robert"]
[Result "0-1"]
[WhiteElo "1960"]
[BlackElo "2370"]
[PlyCount "78"]
[EventDate "1988.10.16"]
[EventType "swiss"]
[EventRounds "7"]
[EventCountry "GCI"]
[SourceTitle "BritBase"]
[Source "John Saunders"]
[SourceDate "2025.07.03"]
[SourceVersion "1"]
[SourceVersionDate "2025.07.03"]
[SourceQuality "1"]

1. e4 c5 2. Nf3 Nc6 3. d4 cxd4 4. Nxd4 Nf6 5. Nc3 d6 6. Bg5 e6 7. Qd2 a6 8. f4 h6 9. Bh4 Nxe4 10. Bxd8 Nxd2 11. Nxc6 Nxf1 12. Rxf1 bxc6 13. Bh4 Be7 14. Bxe7 Kxe7 15. O-O-O c5 16. g3 Bb7 17. Rfe1 Rad8 18. Ne4 f5 19. Nc3 g5 20. Nd5+ Kf7 21. Nc7 Bc8 22. Rd3 Rd7 23. Na8 Bb7 24. Nb6 Rdd8 25. Nc4 Ke7 26. Na5 Be4 27. Rb3 gxf4 28. gxf4 Rdg8 29. Re2 Rg1+ 30. Kd2 Rf1 31. Rb6 Rg8 32. Rxa6 Bf3 33. Ra7+ Kf6 34. Re3 Rg2+ 35. Kc3 Rff2 36. Nc4 Rxc2+ 37. Kb3 Bd5 38. Rh3 Bxc4+ 39. Ka3 Rxh2 0-1

[Event "Guernsey Open 14th"]
[Site "Guernsey"]
[Date "1988.10.16"]
[Round "1"]
[White "Sparreboom, Willem"]
[Black "Lindner, Jan Joost"]
[Result "0-1"]
[WhiteElo "1950"]
[BlackElo "2267"]
[PlyCount "35"]
[EventDate "1988.10.16"]
[EventType "swiss"]
[EventRounds "7"]
[EventCountry "GCI"]
[SourceTitle "BritBase"]
[Source "John Saunders"]
[SourceDate "2025.07.03"]
[SourceVersion "1"]
[SourceVersionDate "2025.07.03"]
[SourceQuality "1"]

1. d4 e6 2. c4 Bb4+ 3. Nc3 Bxc3+ 4. bxc3 f5 5. e4 fxe4 6. Nh3 Nf6 7. Bg5 O-O 8. g3 d6 9. Bg2 e5 10. O-O Be6 11. d5 Bf5 12. g4 Bg6 13. Bh4 Na6 14. f4 exf3 15. Bxf3 Nc5 16. Nf2 Qe8 17. Qe2 e4 18. g5 0-1

[Event "Guernsey Open 14th"]
[Site "Guernsey"]
[Date "1988.10.16"]
[Round "1"]
[White "Thurlow, Kevin J"]
[Black "Tichelman, Ineke"]
[Result "1-0"]
[WhiteElo "2048"]
[BlackElo "1900"]
[PlyCount "79"]
[EventDate "1988.10.16"]
[EventType "swiss"]
[EventRounds "7"]
[EventCountry "GCI"]
[SourceTitle "BritBase"]
[Source "John Saunders"]
[SourceDate "2025.07.03"]
[SourceVersion "1"]
[SourceVersionDate "2025.07.03"]
[SourceQuality "1"]

1. c4 e6 2. Nc3 Nf6 3. e4 Nc6 4. Nf3 Bb4 5. e5 Ng4 6. d4 h5 7. Bd3 b6 8. h3 Nh6 9. Bg5 Be7 10. Bf4 Bb7 11. a3 g5 12. Be3 f5 13. exf6 Bxf6 14. Bg6+ Nf7 15. Ne4 Rg8 16. Bxf7+ Kxf7 17. Nfxg5+ Ke7 18. Qxh5 Qf8 19. Nh7 Qf7 20. Qxf7+ Kxf7 21. Nhxf6 Rxg2 22. O-O-O Na5 23. c5 d5 24. cxd6 cxd6 25. d5 Rc8+ 26. Kb1 Nc4 27. Bd4 e5 28. Bc3 a5 29. a4 b5 30. axb5 Rb8 31. Rdg1 Rxg1+ 32. Rxg1 Ba8 33. h4 Rh8 34. h5 Bb7 35. f4 a4 36. fxe5 dxe5 37. Rf1 Ke7 38. d6+ Kd8 39. Nc5 Bc8 40. d7 {Source:  Kevin J Thurlow} 1-0

[Event "Guernsey Open 14th"]
[Site "Guernsey"]
[Date "1988.10.16"]
[Round "1"]
[White "Von Saldern, Ruediger"]
[Black "Martin, Andrew D"]
[Result "1/2-1/2"]
[WhiteElo "2000"]
[BlackElo "2430"]
[PlyCount "106"]
[EventDate "1988.10.16"]
[EventType "swiss"]
[EventRounds "7"]
[EventCountry "GCI"]
[SourceTitle "BritBase"]
[Source "John Saunders"]
[SourceDate "2025.07.03"]
[SourceVersion "1"]
[SourceVersionDate "2025.07.03"]
[SourceQuality "1"]

1. d4 Nf6 2. c4 e6 3. Nc3 Bb4 4. e3 b6 5. Bd2 Bb7 6. Nf3 O-O 7. Be2 d5 8. O-O Nbd7 9. Nxd5 Nxd5 10. cxd5 Bxd2 11. dxe6 Bb4 12. exd7 Qxd7 13. Ne5 Qe7 14. Bf3 Bxf3 15. Qxf3 Bd6 16. Nc6 Qd7 17. Rac1 f5 18. Qd5+ Qf7 19. Qxf7+ Kxf7 20. f3 Ke6 21. e4 Bf4 22. Rc3 fxe4 23. Re1 e3 24. g3 Bd6 25. Rexe3+ Kd5 26. Ne7+ Bxe7 27. Rxe7 Kxd4 28. Rd7+ Ke5 29. f4+ Kf5 30. Rcxc7 g6 31. Rxh7 Rfd8 32. Rhd7 Rxd7 33. Rxd7 Rc8 34. Rd2 Rc4 35. Kg2 Ke4 36. Re2+ Kd3 37. Kf3 b5 38. g4 b4 39. f5 gxf5 40. gxf5 Rc5 41. Re3+ Kc2 42. Rb3 Rxf5+ 43. Kg4 Rb5 44. h4 a5 45. Rf3 Kxb2 46. Rf2+ Ka3 47. h5 a4 48. h6 Rb7 49. Kg5 b3 50. axb3 axb3 51. Kg6 Rb6+ 52. Kg7 b2 53. Rxb2 Rxb2 1/2-1/2

[Event "Guernsey Open 14th"]
[Site "Guernsey"]
[Date "1988.10.16"]
[Round "1"]
[White "Wells, Peter K"]
[Black "Gravett, Alan David"]
[Result "1-0"]
[WhiteElo "2410"]
[BlackElo "1960"]
[PlyCount "45"]
[EventDate "1988.10.16"]
[EventType "swiss"]
[EventRounds "7"]
[EventCountry "GCI"]
[SourceTitle "BritBase"]
[Source "John Saunders"]
[SourceDate "2025.07.03"]
[SourceVersion "1"]
[SourceVersionDate "2025.07.03"]
[SourceQuality "1"]

1. Nf3 Nf6 2. c4 c5 3. Nc3 Nc6 4. d4 cxd4 5. Nxd4 g6 6. e4 d6 7. Be2 Bg7 8. Be3 O-O 9. O-O Nxd4 10. Bxd4 Be6 11. Rc1 b6 12. f4 Qd7 13. Qe1 Rac8 14. b3 Ne8 15. Rd1 Bxd4+ 16. Rxd4 Ng7 17. Qh4 a6 18. f5 gxf5 19. Bd3 f4 20. e5 f5 21. exf6 Rxf6 22. Qxh7+ Kf8 23. Rdxf4 1-0

[Event "Guernsey Open 14th"]
[Site "Guernsey"]
[Date "1988.10.17"]
[Round "2"]
[White "Ballon, Guenther Jan"]
[Black "Thurlow, Kevin J"]
[Result "1-0"]
[WhiteElo "2330"]
[BlackElo "2048"]
[PlyCount "85"]
[EventDate "1988.10.16"]
[EventType "swiss"]
[EventRounds "7"]
[EventCountry "GCI"]
[SourceTitle "BritBase"]
[Source "John Saunders"]
[SourceDate "2025.07.03"]
[SourceVersion "1"]
[SourceVersionDate "2025.07.03"]
[SourceQuality "1"]

1. d4 Nf6 2. c4 c5 3. d5 b5 4. cxb5 a6 5. e3 d6 6. Nc3 g6 7. Nf3 Bg7 8. a4 O-O 9. Be2 Nbd7 10. O-O axb5 11. Bxb5 Qb6 12. Nd2 Bb7 13. Nc4 Qc7 14. e4 Nb6 15. Qd3 Ng4 16. Bf4 Nxc4 17. Qxc4 Ne5 18. Bxe5 Bxe5 19. Rac1 Rac8 20. b3 Qa5 21. Rc2 Qa8 22. Rd1 Rcd8 23. Ne2 Bc8 24. b4 cxb4 25. Qxb4 Bg4 26. f3 Qa7+ 27. Nd4 Bd7 28. Kh1 Bxd4 29. Qxd4 Ra8 30. Qxa7 Rxa7 31. Bxd7 Rxd7 32. Rb1 Ra8 33. Rb4 Rda7 34. Rcc4 Kg7 35. Kg1 Kf6 36. Kf2 Ke5 37. Ke3 g5 38. g3 f5 39. exf5 Kxf5 40. h4 h6 41. Re4 Rc8 42. Re6 Rc3+ 43. Kd2 {Source: Kevin J Thurlow} 1-0

[Event "Guernsey Open 14th"]
[Site "Guernsey"]
[Date "1988.10.17"]
[Round "2"]
[White "Bellin, Robert"]
[Black "Jensen, Leif Haugaard"]
[Result "1/2-1/2"]
[WhiteElo "2370"]
[BlackElo "2102"]
[PlyCount "76"]
[EventDate "1988.10.16"]
[EventType "swiss"]
[EventRounds "7"]
[EventCountry "GCI"]
[SourceTitle "BritBase"]
[Source "John Saunders"]
[SourceDate "2025.07.03"]
[SourceVersion "1"]
[SourceVersionDate "2025.07.03"]
[SourceQuality "1"]

1. e4 e6 2. Nf3 d5 3. Nc3 d4 4. Ne2 c5 5. c3 dxc3 6. bxc3 Nc6 7. Ng3 Nf6 8. d4 cxd4 9. cxd4 Bb4+ 10. Bd2 Qa5 11. Rb1 Bxd2+ 12. Qxd2 Qxd2+ 13. Kxd2 b6 14. Bb5 Bd7 15. Rhc1 Na5 16. Bxd7+ Nxd7 17. e5 Ke7 18. Ne4 Rhc8 19. Nd6 Rxc1 20. Rxc1 f6 21. Rc8 Rxc8 22. Nxc8+ Kd8 23. Nxa7 fxe5 24. Kc3 exd4+ 25. Kxd4 h6 26. Nd2 Kc7 27. Ne4 Nc6+ 28. Nxc6 Kxc6 29. a4 Kc7 30. f4 Kc6 31. g4 Kc7 32. h4 Kc6 33. h5 Kc7 34. g5 Kc6 35. Nf2 Kd6 36. Nd3 hxg5 37. fxg5 e5+ 38. Ke3 Kd5 1/2-1/2

[Event "Guernsey Open 14th"]
[Site "Guernsey"]
[Date "1988.10.17"]
[Round "2"]
[White "Borland, Thomas E"]
[Black "Haldane, Robin W"]
[Result "1-0"]
[WhiteElo "1790"]
[BlackElo "2016"]
[PlyCount "63"]
[EventDate "1988.10.16"]
[EventType "swiss"]
[EventRounds "7"]
[EventCountry "GCI"]
[SourceTitle "BritBase"]
[Source "John Saunders"]
[SourceDate "2025.07.03"]
[SourceVersion "1"]
[SourceVersionDate "2025.07.03"]
[SourceQuality "1"]

1. d4 d5 2. c4 e6 3. Nc3 c5 4. cxd5 cxd4 5. Qxd4 Nc6 6. Qd1 exd5 7. Qxd5 Bd7 8. Nf3 Nf6 9. Qd1 Bc5 10. e3 Qe7 11. Be2 g5 12. O-O g4 13. Nd4 Ne5 14. Na4 Bd6 15. b4 Ne4 16. Bb2 Qh4 17. g3 Qh3 18. Nc5 Bxc5 19. bxc5 Rg8 20. Qc2 f5 21. Rad1 Rg6 22. Nxf5 Bxf5 23. Bxe5 Rh6 24. Bb5+ Kf8 25. f3 Nxg3 26. fxg4 Kg8 27. Bc4+ Be6 28. Bxe6+ Rxe6 29. Bxg3 Qxg4 30. Rf4 Qg7 31. Qc4 Rae8 32. Rg4 1-0

[Event "Guernsey Open 14th"]
[Site "Guernsey"]
[Date "1988.10.17"]
[Round "2"]
[White "Foulkes, Stan"]
[Black "Bartels, Hans A"]
[Result "0-1"]
[WhiteElo "1800"]
[BlackElo "2345"]
[PlyCount "64"]
[EventDate "1988.10.16"]
[EventType "swiss"]
[EventRounds "7"]
[EventCountry "GCI"]
[SourceTitle "BritBase"]
[Source "John Saunders"]
[SourceDate "2025.07.03"]
[SourceVersion "1"]
[SourceVersionDate "2025.07.03"]
[SourceQuality "1"]

1. Nf3 d5 2. d4 Nf6 3. c4 e6 4. Bg5 Be7 5. Nc3 O-O 6. e3 h6 7. Bxf6 Bxf6 8. Bd3 c5 9. O-O cxd4 10. exd4 dxc4 11. Bxc4 Nc6 12. d5 Na5 13. Bd3 Bxc3 14. bxc3 exd5 15. Ne5 Nc6 16. Re1 Qf6 17. Qh5 g6 18. Ng4 Bxg4 19. Qxg4 Qxc3 20. Qe2 Rac8 21. Rac1 Qf6 22. Qe3 Kg7 23. Rc5 Rfe8 24. Qd2 Rxe1+ 25. Qxe1 Qd4 26. Rc3 Re8 27. Qc1 Nb4 28. Bb1 Re2 29. Rf3 Qd2 30. Rxf7+ Kxf7 31. Qc7+ Re7 32. Qf4+ Qxf4 0-1

[Event "Guernsey Open 14th"]
[Site "Guernsey"]
[Date "1988.10.17"]
[Round "2"]
[White "Gravett, Alan David"]
[Black "Van Hoek, Wilhelmus J"]
[Result "1/2-1/2"]
[WhiteElo "1960"]
[BlackElo "1760"]
[PlyCount "53"]
[EventDate "1988.10.16"]
[EventType "swiss"]
[EventRounds "7"]
[EventCountry "GCI"]
[SourceTitle "BritBase"]
[Source "John Saunders"]
[SourceDate "2025.07.03"]
[SourceVersion "1"]
[SourceVersionDate "2025.07.03"]
[SourceQuality "1"]

1. g3 f5 2. c4 Nf6 3. Nc3 e5 4. d3 Be7 5. Bg2 O-O 6. Nf3 d6 7. b4 c6 8. O-O Qe8 9. Rb1 Qh5 10. e3 g5 11. e4 f4 12. c5 g4 13. cxd6 Bxd6 14. Qb3+ Kh8 15. Nxe5 Bxe5 16. gxf4 g3 17. fxg3 Bd4+ 18. Kh1 Ng4 19. h3 Nf2+ 20. Rxf2 Bxf2 21. Nb5 h6 22. Bb2+ Kh7 23. Qc3 Rg8 24. Qf6 Bxh3 25. Qe7+ Kg6 26. Qf6+ Kh7 27. Qe7+ 1/2-1/2

[Event "Guernsey Open 14th"]
[Site "Guernsey"]
[Date "1988.10.17"]
[Round "2"]
[White "Happel, Hendrik A"]
[Black "Brookes, John G"]
[Result "1-0"]
[WhiteElo "2310"]
[BlackElo "1896"]
[PlyCount "61"]
[EventDate "1988.10.16"]
[EventType "swiss"]
[EventRounds "7"]
[EventCountry "GCI"]
[SourceTitle "BritBase"]
[Source "John Saunders"]
[SourceDate "2025.07.03"]
[SourceVersion "1"]
[SourceVersionDate "2025.07.03"]
[SourceQuality "1"]

1. d4 Nf6 2. c4 e6 3. Nc3 Bb4 4. f3 d5 5. a3 Bxc3+ 6. bxc3 h6 7. cxd5 exd5 8. e3 Bf5 9. Ne2 O-O 10. Ng3 Bh7 11. Bd3 Bxd3 12. Qxd3 c5 13. O-O Nc6 14. Bb2 c4 15. Qc2 b5 16. Rae1 a5 17. e4 b4 18. e5 b3 19. Qe2 Nh7 20. a4 Qd7 21. Ba3 Rfe8 22. f4 Nd8 23. f5 Qxa4 24. Bc1 Qd7 25. Qh5 a4 26. Ba3 Nc6 27. f6 Qe6 28. Nf5 Nxf6 29. Nxh6+ Kh7 30. Rxf6 Qxf6 31. Ng4+ 1-0

[Event "Guernsey Open 14th"]
[Site "Guernsey"]
[Date "1988.10.17"]
[Round "2"]
[White "Havenaar, Jan"]
[Black "Jacobs, Byron A"]
[Result "0-1"]
[WhiteElo "2014"]
[BlackElo "2320"]
[PlyCount "50"]
[EventDate "1988.10.16"]
[EventType "swiss"]
[EventRounds "7"]
[EventCountry "GCI"]
[SourceTitle "BritBase"]
[Source "John Saunders"]
[SourceDate "2025.07.03"]
[SourceVersion "1"]
[SourceVersionDate "2025.07.03"]
[SourceQuality "1"]

1. e4 e5 2. Nf3 Nc6 3. Bc4 Nf6 4. Ng5 d5 5. exd5 Nd4 6. c3 b5 7. Bf1 Nxd5 8. cxd4 Qxg5 9. Qe2 Nb4 10. Na3 a6 11. dxe5 Bb7 12. d4 Qg6 13. f3 O-O-O 14. Be3 c5 15. Qf2 cxd4 16. Bxd4 Nc6 17. O-O-O Rxd4 18. Rxd4 Bc5 19. Nc2 Nxd4 20. Nxd4 Kb8 21. Qd2 Rc8 22. Kd1 Qb1+ 23. Ke2 Bxd4 24. Qxd4 Rc2+ 25. Ke3 Qc1+ 0-1

[Event "Guernsey Open 14th"]
[Site "Guernsey"]
[Date "1988.10.17"]
[Round "2"]
[White "Hebden, Mark L"]
[Black "Hanreck, Alan E"]
[Result "1/2-1/2"]
[WhiteElo "2475"]
[BlackElo "2256"]
[PlyCount "138"]
[EventDate "1988.10.16"]
[EventType "swiss"]
[EventRounds "7"]
[EventCountry "GCI"]
[SourceTitle "BritBase"]
[Source "John Saunders"]
[SourceDate "2025.07.03"]
[SourceVersion "1"]
[SourceVersionDate "2025.07.03"]
[SourceQuality "1"]

1. d4 Nf6 2. c4 e6 3. Nf3 c5 4. d5 exd5 5. cxd5 d6 6. Nc3 g6 7. Bf4 a6 8. e3 b5 9. a4 b4 10. Nb1 Bb7 11. Bc4 Nbd7 12. a5 Nh5 13. Bg5 Be7 14. Bxe7 Qxe7 15. O-O Nhf6 16. Qb3 O-O 17. Nbd2 Ne5 18. e4 Rfe8 19. Nxe5 Qxe5 20. Bd3 Ng4 21. Nf3 Qf4 22. Rad1 Re7 23. Bc2 Rae8 24. h3 Nf6 25. Nd2 Bc8 26. Qg3 Qxg3 27. fxg3 Kg7 28. g4 Rd8 29. Nc4 Ne8 30. g5 Bd7 31. Rf4 Bb5 32. Ne3 f6 33. h4 fxg5 34. hxg5 Re5 35. Bd3 Rd7 36. Bxb5 axb5 37. Rdf1 Rxg5 38. Ng4 h5 39. Nf6 Nxf6 40. Rxf6 c4 41. Re6 h4 42. Kh2 Rg4 43. a6 c3 44. b3 Ra7 45. Ra1 Rf4 46. Rxd6 Rxe4 47. Rc6 Re8 48. d6 Rea8 49. Rd1 Kf7 50. Rd4 g5 51. d7 Rd8 52. Rxb4 Rdxd7 53. Rxb5 Rdc7 54. Rxc7+ Rxc7 55. Rb7 Rxb7 56. axb7 c2 57. b8=Q c1=Q 58. Qe5 Qd2 59. Qf5+ Kg7 60. Qe5+ Kg6 61. Qe4+ Kg7 62. Qg4 Qe3 63. Qd7+ Kf6 64. Qd6+ Kf5 65. b4 g4 66. Qf8+ Kg6 67. Qg8+ Kf5 68. Qf7+ Kg5 69. Qd5+ Kg6 1/2-1/2